01000nam a2200265Ia 4500003000400000005001700004008004100021020001500062037001500077040003500092041000800127082002200135100003700157245006300194250003400257260004100291300002900332500003400361505020000395650005200595651005400647942001200701999001500713952000600728OSt20240228153712.0191128s1983 ck gr 001 0 spa d a9682301009 3Donación aCO-JMCRcCO-JMCRdCO-JMCRerda0 aspa04a301.298bG15v2231 aGaleano, Eduardo, eautor91031314aLas venas abiertas de América Latina / cEduardo Galeano aTrigécima tercera edición aBogotá : bSiglo veintiuno, c1983 a486 páginas ; c17 cm. aIncluye índice analítico.0 aCiento veinte millones de niños en el centro de la tormenta -- La pobreza del hombre como resultado de la riqueza de la tierra -- El desarrollo es un viaje con más náufragos que navegantes14aDesarrollo Económico zAmérica Latina97491 4aAmérica Latinaxcondiciones económicas910316 2ddccBK c6157d6157 00